000 01375nam a2200373 i 4500
001 8657
003 KOSZ 005
005 20191029073649.0
008 071011s1965 pl a f 001 0 pol
015 _aPB 1966/1720
040 _aWA N
_cWA N
_dKOSZ 005/ID
_dKOSZ 005/HR
041 1 _apol
_hrus
080 _a678
080 _a543
100 1 _aKasterina, Tat'âna Nikolaevna.
_eAutor
245 1 0 _aChemiczna analiza tworzyw sztucznych /
_cT. N. Kastierina, Ł. S. Kalinina ; tł. z ros. Jerzy Urbański.
246 1 _iTyt. oryg.:
_aHimičeskie metody issledovaniâ sintetičeskih smol i plastičeskih mass.
260 _aWarszawa :
_bWydawnictwa Naukowo-Techniczne,
_c1965.
300 _a279, [1] s., [1] k. tabl. :
_bil., err. ;
_c23 cm.
380 _aKsiążki.
388 _a1901-2000
490 1 _aTworzywa Sztuczne.
504 _aBibliogr. przy rozdz.
521 8 _aDla inżynierów i studentów.
658 _aChemia
650 4 _aTworzywa sztuczne
655 4 _aPodręcznik
700 1 _aKalinina, Lidia Sergeevna.
_eAutor
700 1 _aUrbański, Jerzy
_d(1922-1992).
_eTłumaczenie
710 2 _aWydawnictwa Naukowo-Techniczne
_4pbl.
856 _uhttp://koha.tu.koszalin.pl/cgi-bin/koha/opac-detail.pl?biblionumber=8657
_yKatalog publiczny BPK
830 0 _aTworzywa Sztuczne
942 _2UKD
_cKS
999 _c8657
_d8657